000 00847nam a22002297a 4500
999 _c10693
_d10693
003 AR-CdUCM
008 190401b ||||| |||| 00| 0 spa d
040 _aMUNICIPALIDAD PROVINCIAL DEL CUSCO
_cBIBLIOTECA MUNICIPAL DEL CUSCO
082 _a869.264 /
_bY94 J / 1939
100 _aYunque, Alvaro,
_915631
245 _aJauja, otros barcos de papel :
_bcuentos de niƱos /
260 _aBuenos Aires :
_bClaridad,
_c1939
300 _a143 paginas ;
_c18 cm.
500 _aEl segundo ejemplar no cuenta con tapa y contra tapa.
505 _aContenido : Jauja -- Pedir trabajo -- La botella de leche -- El mas grande de la clase -- El reglazo...
650 _aJauja
_918027
650 _acuentos infantiles
_926201
650 _aProsas y versos
_918085
650 _aEnsayos Latinoamericanos
_927589
942 _2ddc
_cLIBROS
945 _awnts